000
00205nam a2200085Ia 4500
008
120527s9999 xx 000 0 und d
100
_a
Mankin, Gregory
245
_a
Principles of micro economics
942
_c
BK
999
_c
26954
_d
26954